000 01147 a2200217 4500
008 090327t xxu||||| |||| 00| 0 hin d
010 _aHIN-78684
020 _a817043453x
_c150.00
035 _aHN-51130
037 _bD.B.Act / pub
082 _a921
100 _aचौहान, लाल बहादुर सिंह
245 _aपंजाब केसरी:लाला लाजपत राय
_cलालबहादुर सिंह चौहान
246 _aPunjab Kesri Lala Lajpat Rai
_bBahadur Singh Chauhan
260 _aदिल्ली
_bआत्माराम एण्ड संस
_c2006
270 _a1376,कश्मीरी गेट
_bदिल्ली
_e110006
_k011-23946466
300 _a127पृ
_c22सेमी (सजिल्द)
942 _adpl
_cHN
_2ddc
_h921
_mलाजप
999 _c387
_d387